| 000 | 03225nab a2200277 i 4500 | ||
|---|---|---|---|
| 003 | BR-BrBNA | ||
| 005 | 20250224111131.0 | ||
| 008 | 250224b2014 bl.qr|pooa||| 00| 0 por | | ||
| 040 |
_aBR-BrBNA _bpor |
||
| 072 | _aF70 | ||
| 100 | _aOliveira, Juliana Amaral de | ||
| 100 | _aSalimena, Fátima Regina G. | ||
| 100 | _aZappi, Daniela | ||
| 245 | _aRubiaceae da Serra Negra, Minas Gerais, Brasil | ||
| 500 | _aPublicação on-line; Bibliography p. 503-504 (55 ref.); 5 illus.; Summaries (En, Pt) | ||
| 520 | _a Resumo O presente trabalho é parte dos estudos florísticos da Serra Negra, incluída no Complexo da Mantiqueira, situada no sul da Zona da Mata de Minas Gerais, Brasil. Rubiaceae está representada nesta região por 26 gêneros e 48 espécies. Psychotria é o gênero mais representativo com 12 espécies, seguido por Borreria (5), Coccocypselum (4), Manettia (3), Margaritopsis (2) e Palicourea (2), enquanto Alseis, Amaioua, Bathysa, Chomelia, Cordiera, Coussarea, Coutarea, Diodia, Emmeorhiza, Faramea, Galianthe, Galium, Guettarda, Hillia, Hindsia, Ladenbergia, Posoqueria, Remijia, Rudgea e Schizocalyx estão representados por uma espécie cada. É apresentado um novo registro para a flora de Minas Gerais, Psychotria pallens, e uma nova localidade para Hindsia ibitipocensis, espécie ameaçada de extinção e conhecida até este trabalho apenas para o Parque Estadual do Ibitipoca. São incluídos chave de identificação, descrições, ilustrações, comentários taxonômicos, ecológicos e distribuição geográfica para as espécies. Palavras-chave: Campo rupestre, Mata Atlântica, Serra da Mantiqueira. Abstract As part of the floristic studies of the Serra Negra, located at the southern end of the Minas Gerais in Zona da Mata region and included in the Mantiqueira mountain range, this study of the family Rubiaceae comprises 26 genera and 48 species. The most diverse genus is Psychotria, with 12 species, followed by Borreria (5), Coccocypselum (4), Manettia (3), Margaritopsis (2) and Palicourea (2), while Alseis, Amaioua, Bathysa, Chomelia, Cordiera, Coussarea, Coutarea, Diodia, Emmeorhiza, Faramea, Galianthe, Galium, Guettarda, Hillia, Hindsia, Ladenbergia, Posoqueria, Remijia, Rudgea and Schizocalyx are representaded by a single species each. Psychotria pallens was found for the first time in Minas Gerais, and a new locality for narrow endemic and endangered Hindsia ibitipocensis, known until now only for the Parque Estadual do Ibitipoca. Identification keys, descriptions, illustrations and comments on the taxonomy, ecology and distribution of the species are provided. Key-words: “Campo rupestre”, Atlantic Forest, Serra da Mantiqueira. | ||
| 650 | _aCAMPO | ||
| 650 | _aMATA ATLÂNTICATA | ||
| 650 | _aSERRA DA MANTIQUEIRA | ||
| 650 | _aTAXONOMIA | ||
| 650 | _aRUBIACEAE | ||
| 773 | 0 |
_0709 _9348695 _dRio de Janeiro-RJ Jardim Botanico do Rio de Janeiro 1935 _o2025-1188 _tRodriguésia (Brazil) _x0370-6583; 2175-7860 on-line _gv. 65(2) p. 471-504; (2014) _wBR2024004899 |
|
| 856 | _uhttps://www.scielo.br/j/rod/a/ZX87WGG48FqVwtrY4FqSwKD/?format=pdf&lang=pt | ||
| 942 | _cANA | ||
| 999 |
_c330104 _d330104 |
||